书目信息 |
| 题名: |
“一带一路”东南亚区生态环境遥感监测
|
|
| 作者: | 柳钦火 著 | |
| 分册: | ||
| 出版信息: | 北京 科学出版社 2019.04 |
|
| 页数: | 84页 | |
| 开本: | 26cm | |
| 丛书名: | “一带一路”生态环境遥感监测丛书 | |
| 单 册: | ||
| 中图分类: | X87 | |
| 科图分类: | ||
| 主题词: | 区域生态环境--qu yu sheng tai huan jing--环境遥感--环境监测--东南亚 | |
| 电子资源: | ||
| ISBN: | 978-7-03-051283-3 | |
| 000 | 01582nam 2200265 450 | |
| 001 | 202019134768 | |
| 005 | 20191007123106.0 | |
| 010 | @a978-7-03-051283-3@dCNY99.00 | |
| 100 | @a20191002d2019 em y0chiy50 ea | |
| 101 | 0 | @achi |
| 102 | @aCN@b110000 | |
| 105 | @aabk a 000yy | |
| 106 | @ar | |
| 200 | 1 | @a“一带一路”东南亚区生态环境遥感监测@A“ yi dai yi lu ” dong nan ya qu sheng tai huan jing yao gan jian ce@f柳钦火 ... 等著 |
| 210 | @a北京@c科学出版社@d2019.04 | |
| 215 | @a84页@c彩图, 地图@d26cm | |
| 225 | 2 | @a“一带一路”生态环境遥感监测丛书@A“ yi dai yi lu ” sheng tai huan jing yao gan jian ce cong shu |
| 320 | @a有书目 (第83-84页) | |
| 330 | @a本书首先针对东南亚区域土地覆盖/土地利用状况、光温水气候条件和主要生态资源分布对该区生态系统状况进行分析, 并对该区域存在的主要生态环境约束因素展开分析 ; 其次, 从重要节点城市内部结构与周边环境出发, 利用城市建成区不透水层遥感数据、10km缓冲区土地覆盖产品和城市夜间灯光数据变化, 对城市宜居水平和扩展潜力进行分析, 通过遥感监测手段对”一带一路”重要节点城市现状和未来发展进行评价 ; 最后, 以经济走廊100km缓冲区为监测区域, 从廊道内部的光温水条件、土地覆盖和土地利用状况出发, 分析廊道内部主要生态资源分布和廊道节点城市发展, 并通过对廊道所经路段进行详细分段, 分析廊道各段存在的地形、气候、灾害、保护区等约束因素, 进而为廊道基础设施建设过程提供决策依据。 | |
| 410 | 0 | @12001 @a“一带一路”生态环境遥感监测丛书 |
| 606 | 0 | @a区域生态环境@Aqu yu sheng tai huan jing@x环境遥感@x环境监测@y东南亚 |
| 690 | @aX87@v5 | |
| 701 | 0 | @a柳钦火@Aliu qin huo@4著 |
| 801 | 0 | @aCN@c20190905 |
| 905 | @a河南城建学院图书馆@dX87@eL754-2 | |
| “一带一路”东南亚区生态环境遥感监测/柳钦火 ... 等著.-北京:科学出版社,2019.04 |
| 84页:彩图, 地图;26cm.-(“一带一路”生态环境遥感监测丛书) |
| ISBN 978-7-03-051283-3:CNY99.00 |
| 本书首先针对东南亚区域土地覆盖/土地利用状况、光温水气候条件和主要生态资源分布对该区生态系统状况进行分析, 并对该区域存在的主要生态环境约束因素展开分析 ; 其次, 从重要节点城市内部结构与周边环境出发, 利用城市建成区不透水层遥感数据、10km缓冲区土地覆盖产品和城市夜间灯光数据变化, 对城市宜居水平和扩展潜力进行分析, 通过遥感监测手段对”一带一路”重要节点城市现状和未来发展进行评价 ; 最后, 以经济走廊100km缓冲区为监测区域, 从廊道内部的光温水条件、土地覆盖和土地利用状况出发, 分析廊道内部主要生态资源分布和廊道节点城市发展, 并通过对廊道所经路段进行详细分段, 分析廊道各段存在的地形、气候、灾害、保护区等约束因素, 进而为廊道基础设施建设过程提供决策依据。 |
| ● |
| 相关链接 |
|
|
|
正题名:"一带一路"东南亚区生态环境遥感监测
索取号:X87/L754-2
 
预约/预借
| 序号 | 登录号 | 条形码 | 馆藏地/架位号 | 状态 | 备注 |
| 1 | 1442900 | 214429000 | 自科库501/501自科库 118排2列1层/ [索取号:X87/L754-2] | 在馆 | |
| 2 | 1442901 | 214429019 | 自科库501/501自科库 118排2列1层/ [索取号:X87/L754-2] | 在馆 |